<?xml version="1.0" encoding="UTF-8"?><?xml-stylesheet type="text/xsl" href="static/style.xsl"?><OAI-PMH xmlns="http://www.openarchives.org/OAI/2.0/" xmlns:xsi="http://www.w3.org/2001/XMLSchema-instance" xsi:schemaLocation="http://www.openarchives.org/OAI/2.0/ http://www.openarchives.org/OAI/2.0/OAI-PMH.xsd"><responseDate>2026-06-04T05:55:53Z</responseDate><request verb="GetRecord" identifier="oai:riuma.uma.es:10630/31271" metadataPrefix="marc">https://riuma.uma.es/rest/oai/request</request><GetRecord><record><header><identifier>oai:riuma.uma.es:10630/31271</identifier><datestamp>2026-02-03T12:15:46Z</datestamp><setSpec>com_10630_2254</setSpec><setSpec>col_10630_37959</setSpec></header><metadata><record xmlns="http://www.loc.gov/MARC21/slim" xmlns:dcterms="http://purl.org/dc/terms/" xmlns:doc="http://www.lyncode.com/xoai" xmlns:xsi="http://www.w3.org/2001/XMLSchema-instance" xsi:schemaLocation="http://www.loc.gov/MARC21/slim http://www.loc.gov/standards/marcxml/schema/MARC21slim.xsd">
   <leader>00925njm 22002777a 4500</leader>
   <datafield ind2=" " ind1=" " tag="042">
      <subfield code="a">dc</subfield>
   </datafield>
   <datafield ind2=" " ind1=" " tag="720">
      <subfield code="a">Corpas Pastor, Luis</subfield>
      <subfield code="e">author</subfield>
   </datafield>
   <datafield ind2=" " ind1=" " tag="260">
      <subfield code="c">2024</subfield>
   </datafield>
   <datafield ind2=" " ind1=" " tag="520">
      <subfield code="a">Con la propuesta de propuesta de modernización del Código Civil en materia de obligaciones y contratos (PMCC), el acreedor insatisfecho puede exigir el cumplimientode la prestación sanitaria con la posibilidad de reparación ex art. 1174 PMCC, junto con la indemnización de los daños que el cumplimiento defectuoso hubiera producido y, expresamente, el daño no patrimonial porque así lo justifica la naturaleza del contrato de servicios médicos ex art. 1188:3 de la PMCC; lo que podría brindar una mayor seguridad jurídica en materia de responsabilidad médico-sanitaria.</subfield>
   </datafield>
   <datafield ind1="8" ind2=" " tag="024">
      <subfield code="a">Corpas Pastor, L. (2024). El interés positivo del acreedor de la prestación sanitaria. Comunicación Ivs Civile Salmanticense (9 mayo 2024).</subfield>
   </datafield>
   <datafield ind1="8" ind2=" " tag="024">
      <subfield code="a">https://hdl.handle.net/10630/31271</subfield>
   </datafield>
   <datafield tag="653" ind2=" " ind1=" ">
      <subfield code="a">Obligaciones (Derecho)</subfield>
   </datafield>
   <datafield tag="653" ind2=" " ind1=" ">
      <subfield code="a">Asistencia sanitaria - Derecho y legislación</subfield>
   </datafield>
   <datafield ind2="0" ind1="0" tag="245">
      <subfield code="a">El interés positivo del acreedor de la prestación sanitaria.</subfield>
   </datafield>
</record>
</metadata></record></GetRecord></OAI-PMH>